Torbellino de deseos = Tournoiement des désirs /

Αποθηκεύτηκε σε:
Λεπτομέρειες βιβλιογραφικής εγγραφής
Κύριος συγγραφέας: Boucher, France (autor)
Μορφή: Βιβλίο
Γλώσσα:Ισπανικά
Έκδοση: Guadalajara, México : Mantis, 2007, c2007
Θέματα:
Ετικέτες: Προσθήκη ετικέτας
Δεν υπάρχουν, Καταχωρήστε ετικέτα πρώτοι!

MARC

LEADER 00000nam^a2200000^a^4500
001 000306075
005 20250521000000.0
009 20260310112807.449
020 |a 978-970-9894-31-8 
037 |a Acervo ITESO - Biblioteca 
041 |a ESP 
082 |a 819. 11  |b BOU 
100 |a Boucher, France  |e (autor) 
245 1 0 |a Torbellino de deseos =  |b Tournoiement des désirs /  |c F. Boucher ; tr. por Gabriel Martín. 
264 4 |a Guadalajara, México :  |b Mantis,  |c 2007, c2007 
300 |a 81 p. 
336 |a texto  |b txt  |2 rdacontenido 
337 |a sin mediación  |b n  |2 rdamedio 
338 |a volumen  |b nc  |2 rdasoporte 
546 |a Edición bilingüe español-francés 
649 |a XX 
650 |a Poesía Canadiense 
650 |a Literatura Canadiense -  |y Siglo XXI 
650 |a Literatura de Mujeres -  |z Canadá 
910 |a Fondo General 
920 |a Impresos - Libros 
930 |a Colección General 
940 |a Literatura 
905 |a 101 
901 |a 0500192029  |b IT1  |c LIT  |i C125447  |u 20250521 
902 |a https://opac.biblio.iteso.mx/vufind/Record/000306075